| 000 | 01276cai a22002295a 4500 | ||
|---|---|---|---|
| 001 | L140959 | ||
| 008 | 070424u2007 xxkad f s 000 0 eng d | ||
| 035 | _a(Sirsi) u140959 | ||
| 041 | 0 | _aeng | |
| 050 | 0 | 4 | _a333.33 $2 18 |
| 110 | 2 |
_aSavills _92020 |
|
| 245 | 0 | 0 |
_aSavills UK commercial development activity PMI _bMay 2007 _h[electronic resource] |
| 260 |
_aLondon _bSavills _c2007 |
||
| 490 | 0 |
_aSavills UK Commercial Development Activity PMI _vMay 2007 |
|
| 520 | _aThe Total Commercial Activity Index fell to 59.7 in April, from 66.2 in March. However, this is still above the long-run survey average (58.4). The rate of commercial activity rose 19.5% signalling a further robust expansion. At 62.7, private sector activity remained the key driver of overall growth in April, with the rate of expansion 25.5% on the previous month. Higher levels of public sector activity were recorded for a third month running in April at nearly 19%, up from 17.2 % the previous month. | ||
| 590 | _aKA | ||
| 650 | 2 | 4 | _aSAVILLS UK COMMERCIAL DEVELOPMENT ACTIVITY PMI |
| 651 | 4 |
_aEngland and Wales _y1543- |
|
| 690 | _aPROPERTY-COMMERCIAL PROPERTY-COMMERCIAL PROPERTY MARKET | ||
| 856 | 4 | 0 |
_uhttps://www.savills.com/ _zView the item free of charge at www.savills.com... |
| 942 | _n0 | ||
| 999 |
_c107582 _d107582 |
||